Εκτίμηση οικολογικής αξίας του Δέλτα του Καλαμά και προκαταρκτικές προτάσεις διαχειρίσεως : (φάση 1: 1992)

Αποθηκεύτηκε σε:
Λεπτομέρειες βιβλιογραφικής εγγραφής
Μορφή: Βιβλίο
Γλώσσα:Greek
Δημοσίευση: Θεσσαλονίκη : Μουσείο Γουλανδρή Φυσικής Ιστορίας. Ελληνικό Κέντρο Βιότοπων-Υγρότοπων, 1993
Θέματα:
Ετικέτες: Προσθήκη ετικέτας
Δεν υπάρχουν, Καταχωρήστε ετικέτα πρώτοι!

MARC

LEADER 00000cam a2200000 i 4500
001 1/7263
008 960730s1993 gre d
035 |l 10016642 
040 |a GR-MY-UA  |b gre  |e aacr 
041 0 |a gre 
082 0 |a 574.526325094953 
245 1 0 |a Εκτίμηση οικολογικής αξίας του Δέλτα του Καλαμά και προκαταρκτικές προτάσεις διαχειρίσεως :  |b (φάση 1: 1992) /  |c Ευαγγελία Λ. Οικονομίδου ...[κ.α.] 
260 |a Θεσσαλονίκη :   |b Μουσείο Γουλανδρή Φυσικής Ιστορίας. Ελληνικό Κέντρο Βιότοπων-Υγρότοπων,   |c 1993 
300 |a 71 σ.  |b πιν., σχημ., χαρτ. 
504 |a Περιέχει βιβλιογραφία 
650 0 0 |a Deltas  |z Greece  |z Egoumenitsa. 
650 0 |a Rivers  |z Greece  |z Egoumenitsa. 
650 0 0 |a Wetland management  |z Greece  |z Egoumenitsa. 
650 0 0 |a Wetland ecology  |z Greece  |z Egoumenitsa. 
852 |a INST  |b LESVOS  |e 19960730  |h 574.526325094953 ΕΚΤ  |p 005100009376  |q 005100009376  |t BK  |y 0 
909 |a Λ  |b 031673 
970 |z 2000/05/ΟΙΚΟΝΟΜΟΠΟΥΛΟΥ ΧΡΙΣΤΙΝΑ